Enlazador telefónico Evon 2405 /
Trabajo de obtención de grado que narra la experiencia del proceso de diseño de un enlazador telefónico, ocurrido en un momento específico de la historia de la telefonía celular en México, en el primer lustro del siglo XXI, cuando la conexión telefónica móvil era de un elevado costo en algunos casos...
محفوظ في:
| المؤلف الرئيسي: | |
|---|---|
| التنسيق: | أطروحة كتاب |
| اللغة: | الإسبانية |
| منشور في: |
Guadalajara, México :
edición de autor,
2020
|
| الموضوعات: | |
| الوصول للمادة أونلاين: | Ver documento en línea |
| الوسوم: |
لا توجد وسوم, كن أول من يضع وسما على هذه التسجيلة!
|
MARC
| LEADER | 00000nam^a2200000^a^4500 | ||
|---|---|---|---|
| 001 | 000428453 | ||
| 005 | 20251023000000.0 | ||
| 009 | 20260310122834.118 | ||
| 037 | |a Acervo ITESO - Biblioteca | ||
| 041 | |a ESP | ||
| 090 | |a MLI. 21 | ||
| 100 | |a Ayala Angeles, Luis Alfonso |e (autor) | ||
| 245 | 1 | 0 | |a Enlazador telefónico Evon 2405 / |c L.A. Ayala Angeles. |
| 264 | 1 | |a Guadalajara, México : |b edición de autor, |c 2020 | |
| 300 | |a 1 tesis electrónica en línea (89 p.) | ||
| 300 | |a 1 recurso en línea | ||
| 336 | |a datos para computadora |b cod |2 rdacontenido | ||
| 337 | |a computadora |b c |2 rdamedio | ||
| 338 | |a recurso en línea |b cr |2 rdasoporte | ||
| 502 | |a ITESO Tesis de Maestría en Electrónica Industrial | ||
| 520 | |a Trabajo de obtención de grado que narra la experiencia del proceso de diseño de un enlazador telefónico, ocurrido en un momento específico de la historia de la telefonía celular en México, en el primer lustro del siglo XXI, cuando la conexión telefónica móvil era de un elevado costo en algunos casos, y en otros muy accesible: las llamadas entre celulares de eran gratuitas o incluidas en el pago de la línea, mientras que la conexión entre líneas celulares y fijas tenía un precio alto. El proyecto consiste en un dispositivo que conecta la línea fija de una oficina a un teléfono celular, con el cual se enlaza la llamada a otros teléfonos celulares, anulando así los cobros excesivos. El dispositivo no pudo ser comercializado de manera masiva, pero el proceso dio origen a la experiencia que aquí se comparte. | ||
| 649 | |a XX | ||
| 650 | |a Telefonía Celular - |z México - |x Historia - |y 2000-2006 | ||
| 650 | |a Telefonía Celular - |x Aspectos Tecnológicos - |x Tema Principal | ||
| 650 | |a Electrónica - |x Equipo y Aparatos - |x Diseño y Construcción - |x Tema Principal | ||
| 650 | |a Ingeniería Electrónica | ||
| 856 | 4 | 0 | |u https://rei.iteso.mx/handle/11117/6318 |y Ver documento en línea |
| 910 | |a Fondo General | ||
| 920 | |a Electrónicos - Tesis del ITESO en Línea | ||
| 930 | |a Repositorio Institucional | ||
| 905 | |a 201 | ||
| 901 | |a 428453-1 |b IT2 |c ETI |u 20250521 | ||
| 902 | |a https://opac.biblio.iteso.mx/vufind/Record/000428453 | ||